书目信息 |
| 题名: |
液压机
|
|
| 作者: | 俞新陆 主编 | |
| 分册: | ||
| 出版信息: | 北京 机械工业出版社 1982.7 |
|
| 页数: | 226页 | |
| 开本: | 26cm | |
| 丛书名: | ||
| 单 册: | ||
| 中图分类: | TG315.4 | |
| 科图分类: | ||
| 主题词: | 锻造 , 锻压 , 锻工 | |
| 电子资源: | ||
| ISBN: | ||
| 000 | 00544nam0 2200217 45 | |
| 001 | 0312221749 | |
| 005 | 20031222170911.2 | |
| 010 | @dCNY1.50 | |
| 100 | @a20031222d1982 km y0chiy0120 ea | |
| 101 | @achi | |
| 105 | @a z 000yy | |
| 200 | 1 | @a液压机@AYe Ya Ji@f俞新陆主编@FYu Xin Lu Zhu Bian |
| 210 | @a北京@c机械工业出版社@d1982.7 | |
| 215 | @a226页@d26cm | |
| 606 | 0 | @a锻造 |
| 606 | 0 | @a锻压 |
| 606 | 0 | @a锻工 |
| 690 | @aTG315.4@v3 | |
| 701 | 0 | @a俞新陆@4主编 |
| 801 | @aCN@bTSTCL@c20031222 | |
| 905 | @a213230@dTG315.4@e3@b162255@f1 | |
| 液压机/俞新陆主编.-北京:机械工业出版社,1982.7 |
| 226页;26cm |
| ISBN :CNY1.50 |
| ● |
| 相关链接 |
|
|
|
|
正题名:液压机
索取号:TG315.4/3
 
预约/预借
| 序号 | 登录号 | 条形码 | 馆藏地/架位号 | 状态 | 备注 |
| 1 | 0162255 | 001362313 | 第二样本阅览室/ [索取号:TG315.4/3] | 在馆 |